000 00751cac a2200217 a 4500
003 Co-PeBPM
005 20250929173543.0
008 231129e1998||||xx a||||||||||||| ||spa||
020 _a8476661207
040 1 _aCo-PeBPM
_bspa
_cCo-PeBPM
_erda
041 1 _aspa
082 0 4 _a601 E18f
100 1 _aEcheverría, javier
_eautor
245 1 0 _aFilosofí­a de la tecnologí­a
_c/Javier Echeverría
260 _aMadrid - España
_bTeorema. Revista internacional de filosofí­a;
_c1998
300 _a205 paginas
_b: ilustraciones
_c; 24 centímetros
650 1 4 _2LEMB
_afilosofía para la ingeniería
650 1 4 _2LEMB
_atécnica y cultura
650 1 4 _2LEMB
_alo natural y lo artificial
942 _2ddc
_cBK
999 _c13963
_d13963